Name the 12 apostles - Statistics

General Stats
  • This quiz has been taken 52 times
  • The average score is 8 of 12
Answer Stats
Hint Answer % Correct
Suicide, Near Jerusalem Judas
100%
Natural causes, Ephesus Turkey John
89%
Crucified upside-down, Rome Peter
84%
Stabbing?, Ethiopia or Persia? Matthew
73%
Crucified on X shaped cross, Patras Greece Andrew
65%
Beheaded by King Herod Agrippa I, Jerusalem James
65%
Stoned and clubbed, Jerusalem James
65%
Speared, India Thomas
65%
Sawn in half or crucified?, Persia or Syria Simon
57%
Flayed and beheaded, Armenia Bartholomew
51%
Crucifiction, Hierapolis Turkey Phillip
43%
Clubbed or crucified, Persia or syria Thaddeus
41%
No matching quizzes found
Score Distribution
Percent of People with Each Score
Percentile by Number Answered
Your Score History
You have not taken this quiz